LEADER 01019nam0-2200301 --450 001 9910316360103321 005 20190418151715.0 010 $a978-88-87541-63-2 020 $aIT$b2017-3257 100 $a20190418d2016----kmuy0itay5050 ba 101 0 $aita 102 $aIT 105 $a 001yy 200 1 $aMicrocosmo letterario a Roma nella prima metà del Cinquecento$fPaola De Capua 210 $aMessina$cCentro internazionale di studi umanistici$d2016 215 $a268 p.$d22 cm 225 1 $aQuaderni di filologia medievale e umanistica$v14 610 0 $aCultura$aRoma$aSec. 16. 610 0 $aDe Simone, Giulio . Epulum populi Romani eucharisticon$aFortuna 676 $a945.63206$v23 700 1$aDe Capua,$bPaola$0763926 801 0$aIT$bUNINA$gREICAT$2UNIMARC 901 $aBK 912 $a9910316360103321 952 $aP2B 660 CISU QUAD. 14$bBIBL. 2019$fFLFBC 959 $aFLFBC 996 $aMicrocosmo letterario a Roma nella prima metà del Cinquecento$91550503 997 $aUNINA LEADER 01180nam0 22002771i 450 001 UON00040232 005 20231205102142.536 100 $a20020107d1957 |0itac50 ba 101 $afre 102 $aFR 105 $a|||| 1|||| 200 1 $aˆLes ‰études d'épigraphie sud-sémitique et la naissance de l'Islam$eEléments de bibliographie et lignes de recherches$fY. Moubarac 210 $aParis$cLibrairie Orientlaiste Paul Geuthner$d1957 215 $a182 p.$d24 cm 606 $aIslam$xBibliografia$3UONC020328$2FI 606 $aISLAM$xORIGINI$xTEORIE$3UONC002859$2FI 620 $aFR$dParis$3UONL002984 686 $aARA VII A$cPAESI ARABI - FILOSOFIA E RELIGIONE - ISLAM$2A 700 1$aMOUBARAC$bYouakim$3UONV009160$0154611 712 $aGeuthner$3UONV246291$4650 801 $aIT$bSOL$c20250620$gRICA 899 $aSIBA - SISTEMA BIBLIOTECARIO DI ATENEO$2UONSI 912 $aUON00040232 950 $aSIBA - SISTEMA BIBLIOTECARIO DI ATENEO$dSI ARA VII A 234 N $eSI MR 74096 7 234 N 996 $aÉtudes d'épigraphie sud-sémitique et la naissance de l'Islam$91155018 997 $aUNIOR